000 01219nam a22002537a 4500
999 _c21690
_d21690
003 AR-CdUCM
008 190425b ||||| |||| 00| 0 spa d
040 _aMUNICIPALIDAD PROVINCIAL DEL CUSCO
_cBIBLIOTECA MUNICIPAL DEL CUSCO
082 _aRev.Univ/N°12/1915
_bRev.Univ/N°12/1915
110 _aUniversidad Nacional de San Antonio Abad del Cusco
_915942
245 _aRevista Universitaria :
_bÓrgano de la Universidad del Cuzco /
260 _aCusco :
_bEl Trabajo,
_cmarzo1915.
300 _a54 páginas. :
_c20 cm.
440 _aRevista Universitaria
_nAño IV, marzo 1915, N°12
_945792
505 _aContenido: Estudios geográficos en el departamento. Fortunato L. Herrera. -- Discurso pronunciado en la apertura del año académico de 1915. Ángel Ugarte. -- Música incaica. José Gabriel Cosio. -- Resultados de los continuados estudios en la Historia de Machu Picchu. Hiram Bingham. -- Crónica Universitaria.
650 _aHistoria del Cusco
_91714
650 _aGeografía del Cusco
_93257
650 _aMachupicchu
_91751
650 _aHiram Bingham
_929943
650 _aSiglo XX
_945791
710 _aUniversidad Nacional de San Antonio Abad del Cusco
_915942
942 _2ddc
_cPP
945 _arac